|
|
|
|
| LEADER |
00000nab a2200000 a 4500 |
| 001 |
vtls000083273 |
| 003 |
SK-MaSNL |
| 005 |
20260304051038.0 |
| 008 |
250422c1981 xo 0 slo |
| 015 |
|
|
|a SNBRB19rr/mm-uuuuu
|
| 035 |
|
|
|a CL0093375
|
| 035 |
|
|
|a urn:nbn:sk:snk-abb9t8
|
| 035 |
|
|
|a (urnnbn)urn:nbn:sk:snk:ar-001jsl
|
| 035 |
|
|
|a (uuid)9c5ab12f-615d-40c1-a703-27a09d7b9919
|
| 040 |
|
|
|a SNKBUCL
|b slo
|c SNKBUCL
|e AACR2
|
| 041 |
0 |
|
|a cze
|
| 044 |
|
|
|a xo
|c SK
|
| 080 |
|
|
|a 669.1
|2 1981
|
| 245 |
0 |
0 |
|a Struktura a strukturní změny probíhající v austenitických ocelích obsahujících ferit ; Miloslav Vyklický, Josef Vobořil, Vladimír Kabický, Hanuš Tůma, Miroslav Měřička
|
| 300 |
|
|
|b Obr. 11. Tb. 5. Res. rus., angl.
|
| 650 |
0 |
7 |
|a austenitické ocele
|2 snkbucl
|9 72698
|
| 655 |
|
7 |
|a články z novín a časopisov
|2 snkbucl
|9 267496
|
| 700 |
1 |
|
|a Vyklický, Miloslav
|4 aut
|9 548382
|
| 700 |
1 |
|
|a Vobořil, Josef
|4 aut
|9 955751
|
| 700 |
1 |
|
|a Kabický, Vladimír
|4 aut
|9 1332724
|
| 700 |
1 |
|
|a Tůma, Hanuš
|4 aut
|9 953316
|
| 700 |
1 |
|
|a Měřička, Miroslav
|4 aut
|9 6805
|
| 773 |
0 |
|
|t Kovové materiály
|g Roč. 19, č. 2 (1981), s. 165-178
|
| 850 |
|
|
|a Slovenská národná knižnica
|
| 852 |
|
|
|a Slovenská národná knižnica
|
| 954 |
|
|
|a odborná, vedecká literatúra cudzojazyčná (svetová)
|2 lita
|
| 958 |
|
|
|a article15
|
| 958 |
|
|
|a OND
|
| 958 |
|
|
|a RK
|
| 958 |
|
|
|a CZ
|
| 958 |
|
|
|a EUIPO
|
| 992 |
|
|
|a RBX
|
| 999 |
|
|
|c 2701598
|d 2703528
|